Las relaciones intermaterias: una vía para incrementar la calidad de la educación
Salvato in:
| Autore principale: | |
|---|---|
| Natura: | Libro |
| Lingua: | spagnolo |
| Pubblicazione: |
La Habana
Pueblo y Educación
1996
|
| Soggetti: | |
| Tags: |
Aggiungi Tag
Nessun Tag, puoi essere il primo ad aggiungerne!!
|
MARC
| LEADER | 00000nam a2200000 a 4500 | ||
|---|---|---|---|
| 001 | UCK7176 | ||
| 003 | CL-VaPUC | ||
| 008 | 051111e19960000CU |||||||||||||||||spa|d | ||
| 020 | |a 9591304714 | ||
| 082 | 0 | 4 | |a 370.1 |b FIA |2 21 |
| 100 | 0 | |a Fiallo Rodríguez, Jorge |e author |9 496621 | |
| 245 | 1 | 4 | |a Las relaciones intermaterias: una vía para incrementar la calidad de la educación |
| 300 | |a 37 p | ||
| 942 | |c BK | ||
| 945 | |d 20051111 00:00:00 |a cmena | ||
| 260 | |a La Habana |b Pueblo y Educación |c 1996 | ||
| 650 | 0 | |a Planificación de la educación |9 307333 | |
| 650 | 0 | |a Métodos de enseñanza |9 270413 | |
| 650 | 0 | |a Evaluación de la educación |9 237505 | |
| 650 | 0 | |a Calidad de la educación |9 307271 | |
| 650 | 0 | |a Planificación de la educación |9 307333 | |
| 583 | |a last modification |c 20051111 00:00:00 |k Rodrigo Vera | ||
| 999 | |c 315217 |d 315215 | ||
| 952 | |0 0 |1 0 |4 0 |6 370_100000000000000_FIA_1996 |7 0 |8 P |9 388192 |a BIBEDU |b BIBEDU |c BIBEDU_PB |d 2019-11-22 |i 4178688 |o 370.1 FIA 1996 |p 4178688 |r 2024-01-25 |w 2019-11-22 |y BK |k EBA | ||